La presencia alemana en Costa Rica durante la era del nacionalismo (1933-1941) /
La presencia de los alemanes en Costa Rica fue un aspecto que impacto en el nacionalsocialismo, población que además, contaba con prestigio social lo que permitió la difusión de este fenómeno
Guardado en:
| Hovedforfatter: | |
|---|---|
| Format: | Texto |
| Fag: | |
| Tags: |
Tilføj Tag
Ingen Tags, Vær først til at tagge denne postø!
|
MARC
| LEADER | 00000 a a2200000 04500 | ||
|---|---|---|---|
| 001 | 8898 | ||
| 003 | |||
| 040 | |||
| 100 | |a Arias Mora, Dennis F. | ||
| 245 | |a La presencia alemana en Costa Rica durante la era del nacionalismo (1933-1941) / |c Dennis F. Arias Mora | ||
| 520 | |a La presencia de los alemanes en Costa Rica fue un aspecto que impacto en el nacionalsocialismo, población que además, contaba con prestigio social lo que permitió la difusión de este fenómeno | ||
| 650 | |a SOCIALISMO | ||
| 650 | |a MIGRANTES | ||
| 650 | |a ALEMANES | ||
| 650 | |a COSTA RICA | ||
| 773 | |g volumen 4; página 27 | ||
| 999 | |c 38791 |d 38791 | ||
